000 00284nam a2200109Ia 4500
008 200302s9999 xx 000 0 und d
100 _aBarnsley
245 _aSpons Building Costs Guide For Educational Premises - 2Nd Edition
260 _bE & FN Spon
260 _c1999
300 _a277 P
999 _c4855
_d4855